| 000 | 00430nam a22001457a 4500 | ||
|---|---|---|---|
| 003 | OSt | ||
| 005 | 20211122115925.0 | ||
| 008 | 211122b |||||||| |||| 00| 0 eng d | ||
| 020 | _a0-8138-0820-0 | ||
| 040 | _cHAWASSA UNIVERSITY | ||
| 100 |
_aKOHLMANN L. ELEANORE _qKOHLMANN L. ELEANORE _919814 |
||
| 245 | _aHOME ECONOMICS FOR YONG MEN: ATEACHING GUDE | ||
| 260 |
_aAMES _bHTE LOWA STATE UNIVERSITY _c1975 |
||
| 942 |
_2ddc _cBOOKS _n0 |
||
| 999 |
_c19503 _d19503 |
||